ბათუმის შოთა რუსთაველის სახელმწიფო უნივერსიტეტის ბიბლიოთეკა

ჩანაწერი Corporate Name

ჩანაწერთა რაოდენობა, რომელიც გამოყენებულია: 1

001 - CONTROL NUMBER

  • control field: 17279

003 - CONTROL NUMBER IDENTIFIER

  • control field: GE_BSU

005 - DATE AND TIME OF LATEST TRANSACTION

  • control field: 20230327115233.0

008 - FIXED-LENGTH DATA ELEMENTS

  • fixed length control field: 230327|| aca||aabn | a|a d

040 ## - CATALOGING SOURCE

  • Original cataloging agency: GE_BSU
  • Transcribing agency: GE_BSU

110 ## - HEADING--CORPORATE NAME

  • Corporate name or jurisdiction name as entry element: თსუ. იურიდული ფაკულტეტი. ძველი ქართული სამართლის, რომანისტიკისა (რომის კერძო სამართლის) და სამართლის ისტორიის სამეცნიერო-კვლევითი ინსტიტუტი.

670 ## - SOURCE DATA FOUND

  • Source citation: Work cat.: (GE_BSU): საბჭოთა სახელმწიფოს ზღვარგადასული ინტერვენცია ქართულ იურიდიულ მეცნიერებაში და ბრძოლა ევროპაში განსწავლული მეცნიერ იურისტების წინააღმდეგ საბჭოთა საქართველოს ინტერიერში :